• 首页
  • 本馆介绍
  • 公告通知
  • 最新文献
  • 馆藏检索
  • 电子资源
  • 读者导购
  • 参考咨询
  • 我的图书馆
  • 登录
  • 详细信息显示
  • 放入我的书架
  • 预约/预借图书
  • 作者相关作品
  • 分类相关作品
  • 丛书相关作品
  • 出版社相关作品

书目信息

  • 表格格式
  • 工作单格式
  • 卡片格式
题名:
国际直接投资的区位选择与政策调整
    
 
作者: 江心英 , 路正南 著
分册:  
出版信息: 北京   科学出版社  2009.02
页数: 227页
开本: 24cm
丛书名:
单 册:
中图分类: F831.6
科图分类:
主题词: 对外投资--直接投资--区位选择--研究 , 对外投资--直接投资--金融政策--研究
电子资源:
ISBN: 978-7-03-023175-8
000 01073nam0 2200265 450
001 012009026758
005 20091208151148.43
010    @a978-7-03-023175-8@dCNY39.00
100    @a20090331d2009 em y0chiy0110 ea
101 0  @achi
102    @aCN@b110000
105    @aak z 000yy
106    @ar
200 1  @a国际直接投资的区位选择与政策调整@9guo ji zhi jie tou zi de qu wei xuan ze yu zheng ce diao zheng@f江心英,路正南著
210    @a北京@c科学出版社@d2009.02
215    @a227页@c图@d24cm
300    @a江苏大学人文社科专著出版基金、江苏大学中小企业发展系列研究(JDR2006A01)资助
330    @a本书综述了FDI区位理论和FDI区位分布的动态变化;从国际环境、东道国ESP(环境、体制、政策)系统,跨国公司OLI(所有权优势、区位优势、内部化优势)三个方面,研究了国际直接投资国别选择的综合动因机制等内容。
606 0  @a对外投资@x直接投资@x区位选择@x研究
606 0  @a对外投资@x直接投资@x金融政策@x研究
690    @aF831.6@v4
701  0 @a江心英@9jiang xin ying@4著
701  0 @a路正南@9lu zheng nan@4著
801  0 @aCN@bRENTIAN@c20091208
905    @b20796119-23@dF831.6@e30@f5
    
    国际直接投资的区位选择与政策调整/江心英,路正南著.-北京:科学出版社,2009.02
    227页:图;24cm
    江苏大学人文社科专著出版基金、江苏大学中小企业发展系列研究(JDR2006A01)资助
    
    ISBN 978-7-03-023175-8:CNY39.00
    本书综述了FDI区位理论和FDI区位分布的动态变化;从国际环境、东道国ESP(环境、体制、政策)系统,跨国公司OLI(所有权优势、区位优势、内部化优势)三个方面,研究了国际直接投资国别选择的综合动因机制等内容。
●
相关链接 在E读中查询图书 在五车中查询图书 在当当中查询图书 在豆瓣中查询图书


正题名:国际直接投资的区位选择与政策调整     索取号:F831.6/30         预约/预借

序号 登录号 条形码 馆藏地/架位号 状态 备注
1 796119   207961197   第一样本阅览室/ [索取号:F831.6/30] 在馆    
2 796120   207961204   第一借阅区/ [索取号:F831.6/30] 在馆    
3 796121   207961213   第一借阅区/ [索取号:F831.6/30] 在馆    
4 796122   207961222   第一借阅区/ [索取号:F831.6/30] 在馆    
5 796123   207961231   第一借阅区/ [索取号:F831.6/30] 在馆    
唐山师范学院图书馆 欢迎您!
大连网信软件有限公司© 版权所有